000 00645nam a22002177a 4500
003 UA-OsUOA
001 73328
007 ta
008 20110221b un ||||| |||| 00| 0 ukr d
100 _aПриходченко К.І.
090 _a101
_bП77
942 _cSA
040 _aUA-OsUOA
_bfre
_cUA-OsUOA
_dUA-OsUOA
245 _aФілософсько-релігійний вплив екзистенціалізму на український мовно-літературний процес
300 _aС.68-78
955 _a0
041 _afre
080 _a101
773 0 _w73323
650 7 _a1 Філософські науки
_2UDC
999 _c359612
_d359612